| 000 | 00721nam a2200193 a 4500 | ||
|---|---|---|---|
| 005 | 20140412111316.0 | ||
| 008 | 010321s19uu xx 00 eng d | ||
| 020 | _a0-394-88178-8 | ||
| 050 |
_aER _bNu95 1983 |
||
| 100 | _aHautzig, Deborah | ||
| 245 |
_aNutcracker ballet : _cby Deborah Hautzig ; illustrated by Diane Goode. _bthe story of the. . / |
||
| 260 |
_aNew York : _bRandom House, _c1983. |
||
| 300 | _a1 v. (unp.) ; ill. | ||
| 520 | _aRelates the story of the popular ballet, in which a little travels with the Nutcracker Prince to the Land of Sweets. | ||
| 650 | _aNutcracker (Ballet) - Juvenile literature | ||
| 650 | _aNutcracker (Ballet) | ||
| 650 | _aBallets - Stories, plots, etc. | ||
| 999 |
_c104237 _d104237 |
||